| 000 | 00907nam a2200349 c 4500 | ||
|---|---|---|---|
| 001 | a58274 | ||
| 003 | DO-SdBNP | ||
| 005 | 20180216140836.0 | ||
| 007 | a58274 | ||
| 008 | 160708s1999 sp a | |||| 000 1 spa | ||
| 015 | _a | ||
| 017 |
_a _b |
||
| 020 | _a843483751X | ||
| 040 |
_aBPMSU _bspa _cBPMSU _e |
||
| 080 | _a | ||
| 100 | 1 | _aBordons, Paloma | |
| 245 | 0 | 0 |
_aÉrase una vez / _c Paloma Bordons ; ilustraciones María Luisa Torcida. |
| 250 | _a6ª ed. | ||
| 260 |
_aMadrid : _bSM, _c1999 |
||
| 300 |
_a109 p : _bils. ; _c21 cm |
||
| 336 |
_a _2 |
||
| 337 |
_a _2 |
||
| 490 | 1 |
_aEl barco de vapor _v76 |
|
| 500 | _a A partir de 9 años | ||
| 650 | 7 |
_a _z _2 |
|
| 700 | 1 | 2 |
_aTorcida, María Luisa, _eil. _4 |
| 700 | 1 |
_a _e _4 |
|
| 830 | 0 |
_aEl barco de vapor _v76 |
|
| 942 |
_2ddc _cBK |
||
| 945 | _aInventariado, 2018 /LP | ||
| 956 |
_aVMATEO _b10 _c20161130 _dBPMSU _f0069 |
||
| 999 |
_c12204 _d12204 |
||